00887nam a22002417a 450000500170000001000130001702000230003003500130005303700160006604000120008208200170009424500720011126000460018327000480022930000240027750000200030165000580032165000280037970000280040794200260043599900190046195201650048020170124110140.0 aA-817164 c175.00a8120310462 aA-817164 bCen Lib/Ret aDPLbEN a621.392bOBJ aObject-oriented modeling and design /cby James Rumbaugh...[et al.] aNew Delhi bPrentice Hall of India c1996 bNew Delhi e110001aM-97, Connaught Circus  axii,500p.c23cm(Hb) aIncludes index  aObject-oriented programming (Computer science)915559 aSystem designx 972524 aRumbaugh, James 938241 2ddccENh621.392mOBJ c131760d131760 04104070aLbLd2015-07-15eCen Lib/Retg175.00l0o621.392 OBJpA-817164r2015-07-15 00:00:00t1v175.00w2015-07-15yENzW/d List No. 8132/20; dtd 20.2.2017